UBT Library

Informed choices : (Record no. 45148)

000 -LEADER
fixed length control field 00767cam a2200253 a 4500
001 - CONTROL NUMBER
control field 18925649
005 - DATE AND TIME OF LATEST TRANSACTION
control field 20180315085401.0
008 - FIXED-LENGTH DATA ELEMENTS--GENERAL INFORMATION
fixed length control field 160105s2015 maua b 001 0 eng d
010 ## - LIBRARY OF CONGRESS CONTROL NUMBER
LC control number 2015509193
020 ## - INTERNATIONAL STANDARD BOOK NUMBER
International Standard Book Number 9781457652738
020 ## - INTERNATIONAL STANDARD BOOK NUMBER
International Standard Book Number 1457652730
035 ## - SYSTEM CONTROL NUMBER
System control number (OCoLC)ocn919758244
040 ## - CATALOGING SOURCE
Original cataloging agency SST
Transcribing agency SST
Modifying agency OCLCO
-- YDXCP
-- BTCTA
-- BDX
-- OCLCF
-- DLC
041 ## - LANGUAGE CODE
Language code of text/sound track or separate title eng
042 ## - AUTHENTICATION CODE
Authentication code lccopycat
080 ## - UNIVERSAL DECIMAL CLASSIFICATION NUMBER
Universal Decimal Classification number 37 TAR
100 1# - Rafti
Rafti 25
101 ## - Shkurtesa
Shkurtesa EDU
245 10 - TITLE STATEMENT
Title Informed choices :
Statement of responsibility, etc Tara Lockhart, Mark Roberge.
504 ## - BIBLIOGRAPHY, ETC. NOTE
Bibliography, etc Includes bibliography (pages 275-277) and index.
906 ## - LOCAL DATA ELEMENT F, LDF (RLIN)
a 7
b cbc
c copycat
d 2
e ncip
f 20
g y-gencatlg
942 ## - ADDED ENTRY ELEMENTS (KOHA)
Source of classification or shelving scheme
Item type Books
Holdings
Withdrawn status Lost status Source of classification or shelving scheme Damaged status Not for loan Collection code Permanent location Current location Shelving location Date acquired Total Checkouts Full call number Barcode Date last seen Price effective from Koha item type
          Koleksioni i përgjithshem UBT - Lipjan UBT - Lipjan Koleksioni i përgjithshem 03/15/2018   37 TAR 002-3001907 03/15/2018 03/15/2018 Books
UBT Library © 2015-2024. All rights reserved University Education for Business and Technology